| 000 | 01454nam a22002777a 4500 | ||
|---|---|---|---|
| 005 | 20091114111517.0 | ||
| 008 | 091114t xxu||||| |||| 00| d hin d | ||
| 010 | _aHIN-88534 | ||
| 020 |
_c200.00 _a9788186304891 |
||
| 035 | _aHN-60880 | ||
| 037 | _bDBAD / PUB | ||
| 040 |
_aDPL _bHN |
||
| 082 | _a822 | ||
| 100 | _aगाल्स्वर्दी, जॉन | ||
| 245 |
_aहड़ताल / _cजॉन गाल्स्वर्दी; प्रेमचंद द्वारा अनुदित |
||
| 246 |
_aHardtal / _b Translste by Premchand |
||
| 260 |
_aदिल्ली _bभारत पुस्तक भण्डार _c2010 |
||
| 270 |
_aफेस ई 1/265ए, गली नं-16, सोनिया विहार _bदिल्ली _e110094 |
||
| 300 |
_a136पृ _c22सेमी (सजिल्द) |
||
| 500 | _a(नोबेल पुरस्कार द्वारा सम्मानित साहित्यकार) | ||
| 650 |
_aअंग्रेजी नाटक _xहिन्दी में अनुवाद |
||
| 650 |
_aEnglish drama _xTranslations into Hindi |
||
| 700 | _aप्रेमचंद | ||
| 942 |
_2ddc _cHN _h822 _mगाल्स्वर्दी |
||
| 999 |
_c31805 _d31805 |
||